| 000 | 01249cam a2200361 i 4500 | ||
|---|---|---|---|
| 001 | 200463999 | ||
| 003 | TR-AnTOB | ||
| 005 | 20250219165607.0 | ||
| 007 | ta | ||
| 008 | 250108s2021 tu b 000 0 tur d | ||
| 020 |
_a9789751956446 _q(hardback) |
||
| 040 |
_aBGZ _beng _erda _cBGZ _dTR-AnTOB |
||
| 041 | 0 |
_atur _aara |
|
| 050 | 1 | 4 |
_aPL248.M42 _bZ575 2021 |
| 090 |
_aPL248.M42 _bZ575 2021 |
||
| 245 | 0 | 0 |
_aVefatının 75. yılı anısına Mehmet Âkif Ersoy / _cyayın yönetmeni Fatih Kurt ; tashih Hasan Öztürk. |
| 246 | 3 | 0 | _aMehmet Âkif Ersoy |
| 250 | _a3. Baskı- 2021 | ||
| 264 | 1 |
_aAnkara : _bDiyanet İşleri Başkanlığı, _c2021. |
|
| 300 |
_a175 pages ; _c22 cm |
||
| 336 |
_atext _btxt _2rdacontent |
||
| 337 |
_aunmediated _bn _2rdamedia |
||
| 338 |
_avolume _bnc _2rdacarrier |
||
| 490 | 0 |
_aDiyanet İşleri Bakanlığı Yayınları No ; _v927. _aİlmi Eserler ; _v144 |
|
| 504 | _aBIB | ||
| 600 | 1 | 7 |
_aErsoy, Mehmet Akif, _d1873-1936 _xEleştiri ve yorum _926919 |
| 600 | 1 | 0 |
_aErsoy, Mehmet Akif _d1873-1936 _9122057 |
| 650 | 7 |
_aYazarlar, Türk _y20. yüzyıl _vBiyografi _2etuturkob _9118902 |
|
| 700 | 1 |
_aKurt, Fatih _4pbd _9147696 |
|
| 700 |
_aOztürk, Hasan _4red _988281 |
||
| 942 |
_2lcc _cBK |
||
| 999 |
_c200463999 _d82211 |
||